<?xml version="1.0" encoding="UTF-8"?>
<collection xmlns="http://www.loc.gov/MARC21/slim">
 <record>
  <leader>02833ntm a22005297i 4500</leader>
  <controlfield tag="001">000725040</controlfield>
  <controlfield tag="003">CZ-PrVSE</controlfield>
  <controlfield tag="005">20250920220214.0</controlfield>
  <controlfield tag="006">m        d</controlfield>
  <controlfield tag="007">cr n||||||||||</controlfield>
  <controlfield tag="008">250920s2025    xr     fsbm   000 0 cze d</controlfield>
  <datafield tag="STA" ind1=" " ind2=" ">
   <subfield code="a">NEZPRACOVANÝ IMPORT</subfield>
  </datafield>
  <datafield tag="040" ind1=" " ind2=" ">
   <subfield code="a">ABA006</subfield>
   <subfield code="b">cze</subfield>
   <subfield code="c">ABA006</subfield>
   <subfield code="d">ABA006</subfield>
   <subfield code="e">rda</subfield>
  </datafield>
  <datafield tag="100" ind1="1" ind2=" ">
   <subfield code="a">Valent, Miroslav</subfield>
   <subfield code="%">ISIS:170776</subfield>
   <subfield code="4">dis</subfield>
  </datafield>
  <datafield tag="242" ind1="1" ind2="0">
   <subfield code="a">Innovation Policy and Investment Strategy of the Republic of Korea</subfield>
   <subfield code="y">eng</subfield>
  </datafield>
  <datafield tag="245" ind1="1" ind2="0">
   <subfield code="a">Inovační politika a investiční strategie Korejské republiky /</subfield>
   <subfield code="c">Miroslav Valent</subfield>
  </datafield>
  <datafield tag="264" ind1=" " ind2="0">
   <subfield code="c">2025</subfield>
  </datafield>
  <datafield tag="300" ind1=" " ind2=" ">
   <subfield code="a">?? stran :</subfield>
   <subfield code="3">digital, PDF soubor</subfield>
  </datafield>
  <datafield tag="500" ind1=" " ind2=" ">
   <subfield code="a">Vedoucí práce: Pavel Hnát</subfield>
  </datafield>
  <datafield tag="502" ind1=" " ind2=" ">
   <subfield code="a">Diplomová práce (Ing.)—Vysoká škola ekonomická v Praze. Fakulta mezinárodních vztahů, 2025</subfield>
  </datafield>
  <datafield tag="504" ind1=" " ind2=" ">
   <subfield code="a">Obsahuje bibliografii</subfield>
  </datafield>
  <datafield tag="516" ind1=" " ind2=" ">
   <subfield code="a">Textový (vysokoškolská kvalifikační práce)</subfield>
  </datafield>
  <datafield tag="518" ind1=" " ind2=" ">
   <subfield code="a">Rok obhajoby 2025</subfield>
  </datafield>
  <datafield tag="520" ind1="3" ind2=" ">
   <subfield code="a">Diplomová práce přináší kritický přehled literatury, který se věnuje analýze investičních strategií a inovačních politik Korejské republiky a jejich vlivu na hospodářský růst v období po Asijské finanční krizi z roku 1997. Cílem je kriticky analyzovat dostupnou odbornou literaturu a zhodnotit její kvalitu a úplnost. Práce za tímto účelem využívá systematickou literární rešerši a kvalitativní obsahovou analýzu odborných studií, prostřednictvím nichž identifikuje hlavní výzkumné směry, přístupy a poznatky v této oblasti. Výsledkem práce je syntéza dosavadního stavu poznání a identifikace výzkumných mezer, které mohou posloužit jako výchozí bod pro další ekonomický výzkum i tvorbu hospodářské politiky.</subfield>
  </datafield>
  <datafield tag="538" ind1=" " ind2=" ">
   <subfield code="a">Způsob přístupu: Internet</subfield>
  </datafield>
  <datafield tag="653" ind1="0" ind2=" ">
   <subfield code="a">mezinárodní obchod [obor dipl. práce]</subfield>
  </datafield>
  <datafield tag="655" ind1=" " ind2="7">
   <subfield code="a">diplomové práce</subfield>
   <subfield code="7">fd132022</subfield>
   <subfield code="2">czenas</subfield>
  </datafield>
  <datafield tag="655" ind1=" " ind2="9">
   <subfield code="a">master's theses</subfield>
   <subfield code="2">eczenas</subfield>
  </datafield>
  <datafield tag="690" ind1=" " ind2=" ">
   <subfield code="a">Inovace</subfield>
  </datafield>
  <datafield tag="690" ind1=" " ind2=" ">
   <subfield code="a">Přímé zahraniční investice</subfield>
  </datafield>
  <datafield tag="690" ind1=" " ind2=" ">
   <subfield code="a">Inovační politika</subfield>
  </datafield>
  <datafield tag="690" ind1=" " ind2=" ">
   <subfield code="a">Korejská republika</subfield>
  </datafield>
  <datafield tag="690" ind1=" " ind2=" ">
   <subfield code="a">Investiční strategie</subfield>
  </datafield>
  <datafield tag="690" ind1=" " ind2=" ">
   <subfield code="a">Asijská finanční krize</subfield>
  </datafield>
  <datafield tag="700" ind1="1" ind2=" ">
   <subfield code="a">Hnát, Pavel,</subfield>
   <subfield code="d">1981-</subfield>
   <subfield code="7">mzk2006363772</subfield>
   <subfield code="4">ths</subfield>
  </datafield>
  <datafield tag="700" ind1="1" ind2=" ">
   <subfield code="a">Vlčková, Jana</subfield>
   <subfield code="7">xx0134665</subfield>
   <subfield code="4">opn</subfield>
  </datafield>
  <datafield tag="710" ind1="2" ind2=" ">
   <subfield code="a">Vysoká škola ekonomická v Praze.</subfield>
   <subfield code="b">Fakulta mezinárodních vztahů</subfield>
   <subfield code="7">kn20010709400</subfield>
   <subfield code="4">dgg</subfield>
  </datafield>
  <datafield tag="856" ind1="4" ind2="0">
   <subfield code="u">https://insis.vse.cz/zp/85717/podrobnosti</subfield>
   <subfield code="y">VŠKP v InSIS</subfield>
  </datafield>
  <datafield tag="856" ind1="4" ind2="0">
   <subfield code="u">https://insis.vse.cz/zp/85717</subfield>
   <subfield code="y">Hlavní práce</subfield>
  </datafield>
  <datafield tag="856" ind1="4" ind2="0">
   <subfield code="u">https://insis.vse.cz/zp/85717/posudek/vedouci</subfield>
   <subfield code="y">Hodnocení vedoucího</subfield>
  </datafield>
  <datafield tag="856" ind1="4" ind2="0">
   <subfield code="u">https://insis.vse.cz/zp/85717/posudek/oponent/88217</subfield>
   <subfield code="y">Oponentura</subfield>
  </datafield>
  <datafield tag="999" ind1="4" ind2="0">
   <subfield code="u">https://insis.vse.cz/zp/85717/podrobnosti</subfield>
   <subfield code="y">dc:identifier</subfield>
  </datafield>
  <datafield tag="993" ind1=" " ind2=" ">
   <subfield code="x">NEPOSILAT</subfield>
   <subfield code="y">VSKP</subfield>
  </datafield>
  <datafield tag="999" ind1="4" ind2="9">
   <subfield code="a">vse85717</subfield>
   <subfield code="b">250905</subfield>
  </datafield>
  <datafield tag="999" ind1="4" ind2="5">
   <subfield code="x">85717</subfield>
  </datafield>
 </record>
</collection>
